000 00315nam a2200097 a 4500
005 20201002034249.0
008 130904s1998 000 spa d
245 0 _aEstadísticas e indicadores de educación 1996-1997.
260 _aSanto Domingo-- Oficina de Planificación educativa,
_c1998-- 121 p.
999 _c40118
_d40118
040 _aDO-SdBNP